| 000 | 03339nam a22004337a 4500 | ||
|---|---|---|---|
| 005 | 20100703142354.0 | ||
| 008 | 100703t xxu||||| |||| 00| 0 eng d | ||
| 010 | _aENG-96356 B-422848-855 | ||
| 020 |
_a9780070703544 _c550.00 |
||
| 020 |
_a007070354x _c550.00 |
||
| 035 | _aEN-79889 B-422848-855 | ||
| 037 | _bDBAD/PUB | ||
| 037 | _bK.K.Pub/Ven | ||
| 040 |
_adpl _bEng |
||
| 082 | _a519.502433 | ||
| 100 |
_aWebster, Allen L. _928406 |
||
| 245 |
_aApplied statistics for business and economics : _cby Allen L. Webster. _ban essentials version / |
||
| 250 | _a3rd ed | ||
| 260 |
_aNew Delhi _bTata McGraw-Hill _c2010 |
||
| 270 |
_a7, West Patel Nagar _bNew Delhi _e110008 |
||
| 300 |
_axx, 604 p.: _c26cm. (pbk) _bcol. ill. |
||
| 490 |
_aThe Irwin/McGraw-Hill series in operations and decision sciences _928407 |
||
| 500 | _aIncludes index. | ||
| 520 | _a"Get complete coverage of Oracle E-Business Suite's Self-Service modules, including Oracle iProcurement, Oracle Internet Expenses, Oracle iSupplier Portal, and Oracle iReceivables, inside this Oracle Press guide. Oracle Self-Service Applications discusses the features of each module and how they benefit organizational workflow, and reviews common implementation considerations that apply to all the modules. The book also provides detailed configuration instructions explaining each screen and field"-- | ||
| 650 |
_aCommercial statistics. _928408 |
||
| 650 |
_aEconomics _x Statistical methods. _928409 |
||
| 942 |
_2ddc _cEN _mWEB _h519.502433 |
||
| 999 |
_c36797 _d36797 |
||